| 000 | 00981 a2200193 4500 | ||
|---|---|---|---|
| 001 | 33617 | ||
| 005 | 20260407155627.0 | ||
| 008 | 260407a1969 arg spa d | ||
| 003 | AR-UNSa-BCEJYS | ||
| 040 |
_aAR-UNSa-BCEJYS _bspa _cAR-UNSa-BCEJYS |
||
| 080 |
_a368.022 _xContratos de seguros en general |
||
| 245 | 1 | 0 | _aEl nuevo contrato de seguro |
| 264 | 1 |
_aBuenos Aires : _bAbaco de Rodolfo Depalma _c1969 |
|
| 300 |
_a373 p. _c24 cm. |
||
| 505 | _a1. Introducción - 2. Elementos eseciales - 3. Formación de la relación - 4. Efectos y extinción - 5. Obligaciones y cargas del asegurado - 6. Obligaciones del asegurador - 7. Cláusulas penales - 8. Nulidad del contrato - 9. Prescripción y caducidad - 10. Jurisdicción y competencia - 11. Seguro de incendio - 12. La responsabilidad civil - 13. Seguros agropecuarios - 14. Seguros de personas - 15. Traslado de riesgo - Apéndice | ||
| 942 | _cBK | ||
| 590 | _aniveau_biblio:m niveau_hierar:0 | ||
| 100 | 1 | _aSoler Aleu, Amadeo | |
| 999 |
_c2374 _d2374 |
||